[Event "Gladsaxe"]
[Site "Gladsaxe"]
[Date "1993.??.??"]
[Round "3"]
[White "Jorgensen, Bent"]
[Black "Jensen, Soren Holm"]
[Result "0-1"]
[WhiteElo "2010"]
[BlackElo "2000"]
[PlyCount "79"]
[EventDate "1993.??.??"]
[EventType "swiss"]
[EventRounds "9"]
[EventCountry "DEN"]
[SourceTitle "EXT 2000"]
[Source "ChessBase"]
[SourceDate "1999.11.16"]
[SourceVersion "1"]
[SourceVersionDate "1999.11.16"]
[SourceQuality "1"]

1. e4 c6 2. d4 d5 3. exd5 cxd5 4. c4 Nf6 5. Nc3 e6 6. Nf3 Be7 7. Bd3 0-0 8. 0-0 b6 9. Be3 Bb7 10. Rc1 Nc6 11. cxd5 Nxd5 12. Nxd5 Qxd5 13. Bc4 Qh5 14. Ne5 Qxd1 15. Rfxd1 Nb4 16. a3 Nd5 17. Bxd5 Bxd5 18. Rc3 Rfc8 19. Rdc1 Rxc3 20. Rxc3 f6 21. Nd3 Bd6 22. Bf4 Bxf4 23. Nxf4 g5 24. Nxd5 exd5 25. Rc7 Re8 26. Kf1 a5 27. Rc6 Re4 28. Rxb6 Rxd4 29. Ke2 Kf7 30. Rb5 a4 31. Rb4 Rxb4 32. axb4 Ke7 33. Ke3 Kd7 34. Kd4 Kc6 35. b5+ Kxb5 36. Kxd5 Kb4 37. Ke6 Kb3 38. Kxf6 Kxb2 39. Kxg5 a3 40. f4 0-1